[Event "DOM-ch"]
[Site "Santo Domingo"]
[Date "2022.02.18"]
[Round "1"]
[White "Mesa Cruz, Juan Carlos"]
[Black "Sanchez Arias, Yonathan Alexander"]
[Result "1-0"]
[WhiteElo "1994"]
[BlackElo "1706"]
[PlyCount "71"]
[EventDate "2022.02.18"]
[EventType "swiss"]
[EventRounds "11"]
[EventCountry "DOM"]
[SourceTitle "EXT 2023"]
[Source "ChessBase"]
[SourceDate "2022.10.05"]
[SourceVersion "1"]
[SourceVersionDate "2022.10.05"]
[SourceQuality "1"]

1. e4 e5 2. Nf3 Nc6 3. Bc4 Be7 4. d4 d6 5. d5 Nb8 6. Bd3 Nf6 7. 0-0 Bg4 8. Nbd2 0-0 9. Re1 Nbd7 10. h3 Bh5 11. Nf1 Nc5 12. Ng3 Bg6 13. Nh4 Nxd3 14. cxd3 Nd7 15. Nhf5 Re8 16. Be3 Bf8 17. Rc1 Nb6 18. h4 Qd7 19. h5 Bxf5 20. Nxf5 Nxd5 21. Qg4 Nf6 22. Nh6+ Kh8 23. Qxd7 Nxd7 24. Nxf7+ Kg8 25. Rxc7 Kxf7 26. Rxd7+ Re7 27. Rxd6 Rc7 28. Rd5 Ke6 29. Re2 b6 30. g3 Rac8 31. f4 exf4 32. gxf4 Rc2 33. f5+ Ke7 34. Bg5+ Kf7 35. Rxc2 Rxc2 36. e5 1-0

[Event "Santo Domingo Independencia op 8th"]
[Site "Santo Domingo"]
[Date "2019.02.16"]
[Round "3"]
[White "Sanchez Arias, Yonathan Alexander"]
[Black "Moore Guzman, Fernando Augusto"]
[Result "0-1"]
[WhiteElo "1765"]
[BlackElo "1924"]
[PlyCount "90"]
[EventDate "2019.02.15"]
[EventType "swiss"]
[EventRounds "8"]
[EventCountry "DOM"]
[SourceTitle "CBM 189 Extra"]
[Source "ChessBase"]
[SourceDate "2019.06.03"]
[SourceVersion "1"]
[SourceVersionDate "2019.06.03"]
[SourceQuality "1"]

1. e4 c6 2. d4 d5 3. e5 Bf5 4. Bd3 Bxd3 5. Qxd3 e6 6. Ne2 Ne7 7. Bg5 h6 8. Bh4 Qb6 9. b3 Nf5 10. Bg3 c5 11. Nbc3 cxd4 12. Qb5+ Qc6 13. Qxc6+ bxc6 14. Na4 Bb4+ 15. Kd1 Nd7 16. Bf4 g5 17. g4 Nh4 18. Bg3 Nf3 19. a3 Ba5 20. b4 Bc7 21. Ng1 Nxg1 22. Rxg1 Bxe5 23. Bxe5 Nxe5 24. Ke2 Nd7 25. Kd3 e5 26. Rae1 a5 27. Nc5 axb4 28. axb4 Nxc5+ 29. bxc5 Ra3+ 30. Kd2 e4 31. Rb1 0-0 32. Rb6 Rc8 33. h4 gxh4 34. g5 h5 35. g6 f6 36. Rb7 Rf3 37. Ke2 Rf5 38. Ra1 Rg5 39. Raa7 Rxg6 40. Rh7 Rg5 41. Rh6 Rf8 42. f4 exf3+ 43. Kxf3 h3 44. Kf4 h2 45. c4 h1Q 0-1